Skład reprezentacji Argentyny! - Statystyki

Ogólne statystyki
  • Ten quiz został rozwiązany 70 razy
    68 od ostatniego zresetowania
  • Średni wynik to 6 z 23
Statystyki odpowiedzi
Pozycja Zawodnik % Poprawnych
Napastnik Messi
95%
Napastnik Martinez
84%
Obrońca Martinez / Martinez Quarta
84%
Napastnik Di Maria
55%
Obrońca Otamendi
47%
Pomocnik De Paul
32%
Pomocnik Paredes
27%
Bramkarz Armani
23%
Napastnik Correa
19%
Napastnik Gomez
16%
Pomocnik Lo Celso
16%
Obrońca Tagliafico
16%
Bramkarz Marchesin
11%
Obrońca Montiel
8%
Pomocnik Gonzalez
6%
Pomocnik Rodriguez
6%
Napastnik Alario
5%
Bramkarz Andrada
5%
Napastnik Ocampos
5%
Pomocnik Dominguez
3%
Obrońca Perez
2%
Obrońca Kannemann
0%
Obrońca Medina
0%
Nie znaleziono quizów pasujących do podanych kryteriów
Rozkład punktacji
Procent ludzi z każdym wynikiem
Percentyl według liczby udzielonych odpowiedzi
Twoja historia wyników
Nie rozwiązałeś tego quizu od ostatniego zresetowania